000
00317 a2200133 4500
000
nam a22 7a 4500
005
20260306123133.0
020
_a
9781032575434
100
_a
Eberhard Voit
_9
1123656
245
_a
A First Course in Systems Biology
250
_a
3rd
260
_b
CRC Press
_c
2025
942
_c
TEXL
999
_c
1688491
_d
1688491